El ente y la esencia /

Guardado en:
Autor Principal: Tomás de Aquino, Santo.
Formato: Libro
Idioma:Spanish
Latin
Publicado: Buenos Aires : Universidad, 1940.
Materias:
Etiquetas: Agregar Etiqueta
Sin Etiquetas, Sea el primero en etiquetar este registro!
LEADER 00481nam a22001695a 4500
001 EUN.um003923
003 AR-BaUNS
005 20050623122851.0
008 041125s1940####ag############000#0#spa#d
245 1 3 |a El ente y la esencia /  |c Santo Tomás de Aquino. 
260 |a Buenos Aires :  |b Universidad,  |c 1940. 
300 |a 137 p. 
041 0 |a spa  |a lat 
100 1 |a Tomás de Aquino, Santo. 
082 0 4 |a 111.01 
653 |a Ontologia 
859 |a Ar-BaUNS  |b BIB. CENTRAL - Sector C  |h 111.01  |i T591  |p 397/956